01358nam a22003497a 4500003000500000005001700005008004100022010001000063011001000073035001000083040000900093090001000102100004600112245017900158260004100337300002200378502009300400590003700493590004100530590004100571590004100612590004200653650002800695650003100723650002900754650002900783901000700812942001000819949003500829999001700864952012700881CHAP20220329133910.0971013s1980 r 00010 d a12426 a13398 a17469 cCHAP aTesis00aCarrillo Symonds, Ramón Alberto.919540 aEfectos sobre el bulbo de humedecimiento al aplicar diferentes volúmenes de agua en distintos gastos a través de emisoresb: en suelos de textura areno-franca y arcillosa a(Monterrey, N.L.) :bEl autor,c1980 a62 h.b: gráfs. aTesis (Ing. Agr. en Producción) -- ITESM. Div. de Ciencias Agropecuarias y Marítimas aALEPHb10c20130110lUCH01h1231 aBATCH-UPDb10c20130110lUCH01h1120 aBATCH-UPDb10c20130410lUCH01h0710 aBATCH-UPDb10c20130914lUCH01h0911 aCONVERSIONb10c20130109lUCH01h130814aRiego por goteo.99738014aSuelos arcillosos.911053414aSuelos arenosos.911053514aSuelosxHumedad.9110391 aBK cTESIS bBCcTESd-41219eTS1i17469si c12426d12426 00102local4051708TESISaBCbBCcPA_TESISd2012-12-17fTESISl0oTesisp-41219r2019-12-31 00:00:00w2019-12-31yTESIS